01201nac a22003257a 4500001001000000003000900010005001700019008003400036040005400070072001300124090001800137110009400155245009000249260004000339300001100379490009000390500001400480650002200494650001900516650002200535650003100557650001400588650001200602650001200614650002200626909004700648942001700695999001900712952014400731BR7503694BR-BrBNA20240105113854.0230509b bl.|||m| |||| 00| 0 por d aBR-BrBNAbporcBiblioteca Nacional de Agricultura aA50; E10 aA50 BR75036941 aFundacao de Amparo a Pesquisa do Estado do Rio Grande do Sul, Porto Alegre (Brasil)948331 aRelatorio 1974 [Fundacao de Amparo a Pesquisa do Estado do Rio Grande do Sul, Brasil]3 aPorto Alegre, RS (Brasil): c1975.  a170 p. aRelatorio - Fundacao de Amparo a Pesquisa do Estado do Rio Grande do Sul (Brazil)vx a30 tables aPESQUISA AGRICOLA aRECURSO HUMANO aRECURSO ECONOMICO aPROJETO DE DESENVOLVIMENTO aORCAMENTO aRECEITA aDESPESA aRIO GRANDE DO SUL a202312bLúcia Elandec55dLúcia Elande 2AGRISn0cMS c266071d266071 002AGRIS40708Acervo Gerala41918b41918cAGROBASEl0oA50 BR7503694pA50 BR7503694r2023-12-18yMSePortaria Interministerial nº 164/94